00305nam a2200121Ia 4500008004100000082001800041100001600059245004900075250000800124260002700132300000800159650001600167191201s2009 xx 000 0 und d a621.3104bRAE aRaju, G.S.N 0aElectromagnetic field theory and transmisson a3rd aN.Delhibpearsonc2009 a584 aB.Tech(ECE)